Careers for aquatic types & others who want to make a splash /

Bibliographic Details
Main Author: Camenson, Blythe
Corporate Author: NetLibrary, Inc
Format: eBook
Language:English
Published: Lincolnwood, IL : VGM Career Horizons, [2000]
Series:VGM careers for you series.
Subjects:
Online Access:Connect to the full text of this electronic book

MARC

Tag First Indicator Second Indicator Subfields
LEADER 00000cam a2200000La 4500
001 in00001758430
005 20220105122229.0
006 m u
007 cr cn-
008 010417s2000 ilu s 000 0 eng d
010 |z  99029187  
020 |a 058536687X (electronic bk.) :  |c $9.95 
020 |z 0658002155 (c) 
020 |z 0658002163 (p) 
035 |a (OCoLC)ocm47008457 
035 |a 54685  |b (N$T) 
040 |a N$T  |c N$T  |d OCL  |d UtOrBLW 
043 |a n-us--- 
049 |a IKMN 
050 1 4 |a HF5382.5.U5  |b C2515 2000eb 
082 0 4 |a 331.7/02  |2 21 
100 1 |a Camenson, Blythe.  |0 http://id.loc.gov/authorities/names/n92015873 
245 1 0 |a Careers for aquatic types & others who want to make a splash /  |c Blythe Camenson. 
246 3 |a Careers for aquatic types and others who want to make a splash 
264 1 |a Lincolnwood, IL :  |b VGM Career Horizons,  |c [2000] 
264 4 |c ©2000 
300 |a vii, 150 pages ;  |c 22 cm. 
336 |a text  |b txt  |2 rdacontent 
337 |a computer  |b c  |2 rdamedia 
338 |a online resource  |b cr  |2 rdacarrier 
490 1 |a VGM Careers for you series 
533 |a Electronic reproduction.  |b Boulder, Colo. :  |c NetLibrary,  |d 2001.  |n Available via World Wide Web.  |n Access may be limited to NetLibrary affiliated libraries. 
500 |a Electronic resource. 
650 0 |a Vocational guidance  |z United States.  |0 http://id.loc.gov/authorities/subjects/sh2008113300 
655 7 |a Electronic books.  |2 local 
710 2 |a NetLibrary, Inc.  |0 http://id.loc.gov/authorities/names/no99080690 
776 0 |c Original  |w (DLC) 99029187  |w (OCoLC)41273083 
830 0 |a VGM careers for you series.  |0 http://id.loc.gov/authorities/names/n90684823 
856 4 1 |u https://proxy.library.tamu.edu/login?url=http://www.netLibrary.com/urlapi.asp?action=summary&v=1&bookid=54685  |z Connect to the full text of this electronic book  |t 0 
994 |a 92  |b IKM 
999 |a MARS 
999 f f |s 28703eb0-32f5-302e-a336-3ac733a38554  |i 5aff2511-0a31-3fd9-a5fb-959d75da4e35  |t 0 
952 f f |a Texas A&M University  |b College Station  |c Electronic Resources  |d Available Online  |t 0  |e HF5382.5.U5 C2515 2000eb  |h Library of Congress classification 
998 f f |a HF5382.5.U5 C2515 2000eb  |t 0  |l Available Online